| 000 | 00621nam a2200205 a 4500 | ||
|---|---|---|---|
| 001 | 000015379 | ||
| 005 | 20240412074243.0 | ||
| 008 | 100208s2004 dr a r 001 p spa d | ||
| 040 |
_aDO-SdBNP _bspa _cBNPHU |
||
| 082 |
_aRD861.44 _bC764m, 2004 |
||
| 100 | 1 |
_aContreras, Marivell _912302 |
|
| 245 | 1 | 0 |
_aMujer ante el espejo / _cMarivell Contreras. |
| 250 | _a2a ed. | ||
| 260 |
_aSanto Domingo : _b[s.n.], _c2004. |
||
| 300 |
_a55 p. : _bil. ; _c18 cm. |
||
| 590 | _aInventariado, 2018/BT | ||
| 650 | 0 |
_aPoesÃa dominicana _966 |
|
| 650 | 0 |
_aLiteratura dominicana. _967 |
|
| 910 | _aValidado. Control de calidad. MMOLINA | ||
| 999 |
_c14941 _d14941 |
||